000 00295nam a2200133Ia 4500
008 190216s9999||||xx |||||||||||||| ||und||
100 _aDharmapadam .av
245 0 _aDynamics
250 _a7th Ed.
260 _bViswanathan Pvt.Ltd
_c1996
300 _a467p
650 _aPhysics
942 _cBK
999 _c33381
_d33381